| 000 | 00427nam a2200169Ia 4500 | ||
|---|---|---|---|
| 008 | 180207s9999 xx 000 0 und d | ||
| 020 | _a439110130 | ||
| 050 | _bF894 2000 | ||
| 100 | _aFreymann, Saxton. | ||
| 245 | _aDr. Pompo's nose / | ||
| 245 | _cSaxton Freymann and Joost Elffers. | ||
| 260 | _aNew York : | ||
| 260 | _bArthur A. Levine, | ||
| 260 | _c2000 | ||
| 300 | _aunpaged : | ||
| 300 | _bcolor illustration ; | ||
| 999 |
_c355033 _d355033 |
||